Instrument engineers' handbook. (Record no. 27547)

000 -LEADER
fixed length control field 01692cam a2200361Ii 4500
001 - CONTROL NUMBER
control field 9781420064001
003 - CONTROL NUMBER IDENTIFIER
control field OSt
005 - DATE AND TIME OF LATEST TRANSACTION
control field 20240802171234.0
006 - FIXED-LENGTH DATA ELEMENTS--ADDITIONAL MATERIAL CHARACTERISTICS
fixed length control field a|||||o|||| 00| 0
008 - FIXED-LENGTH DATA ELEMENTS--GENERAL INFORMATION
fixed length control field 180706s2006 flua ob 001 0 eng d
020 ## - INTERNATIONAL STANDARD BOOK NUMBER
International Standard Book Number 9781420064001
Qualifying information (e-book : PDF)
International Standard Book Number 9781315219028
Qualifying information (e-book)
International Standard Book Number 9781351826228
Qualifying information (e-book: Mobi)
Canceled/invalid ISBN 9780849310812
Qualifying information (hardback)
024 7# - OTHER STANDARD IDENTIFIER
Standard number or code 10.1201/9781315219028
Source of number or code doi
035 ## - SYSTEM CONTROL NUMBER
System control number (OCoLC)670197445
040 ## - CATALOGING SOURCE
Transcribing agency imu-kc
050 #4 - LIBRARY OF CONGRESS CALL NUMBER
Classification number TS156.8
Item number .I57 2006
082 04 - DEWEY DECIMAL CLASSIFICATION NUMBER
Classification number 629.8
Item number I599
245 00 - TITLE STATEMENT
Title Instrument engineers' handbook.
Number of part/section of a work Vol. 2,
Name of part/section of a work Process control and optimization /
Statement of responsibility, etc. Bela G. Liptak, editor-in-chief.
246 3# - VARYING FORM OF TITLE
Title proper/short title Process control and optimization
250 ## - EDITION STATEMENT
Edition statement Fourth edition.
264 #1 - PRODUCTION, PUBLICATION, DISTRIBUTION, MANUFACTURE, AND COPYRIGHT NOTICE
Place of production, publication, distribution, manufacture Boca Raton, Fla. :
Name of producer, publisher, distributor, manufacturer CRC/Taylor & Francis,
Date of production, publication, distribution, manufacture, or copyright notice 2006.
300 ## - PHYSICAL DESCRIPTION
Extent 1 online resource (lxx, 2,387 pages)
500 ## - GENERAL NOTE
General note Rev. ed. of: Instrument engineers' handbook. Process measurement and analysis. c1995 and Instrument engineers' handbook. Process control. c1995.
505 0# - FORMATTED CONTENTS NOTE
Formatted contents note chapter 1 General -- chapter 2 Control Theory -- chapter 3 Transmitters and Local Controllers -- chapter 4 Control Room Equipment -- chapter 5 PLCs and Other Logic Devices -- chapter 6 Control Valve Selection and Sizing -- chapter 7 Regulators and Final Control Elements -- chapter 8 Control and Optimization of Unit Operations.
650 #0 - SUBJECT ADDED ENTRY--TOPICAL TERM
Topical term or geographic name entry element Measuring instruments
Form subdivision Handbooks, manuals, etc.
Topical term or geographic name entry element Process control
Form subdivision Handbooks, manuals, etc.
700 1# - ADDED ENTRY--PERSONAL NAME
Personal name Liptak, Bela G.
776 08 - ADDITIONAL PHYSICAL FORM ENTRY
Relationship information Print version:
International Standard Book Number 9780849310812
856 40 - ELECTRONIC LOCATION AND ACCESS
Uniform Resource Identifier <a href="https://www.taylorfrancis.com/books/9781420064001">https://www.taylorfrancis.com/books/9781420064001</a>
Public note Click here to view.
942 ## - ADDED ENTRY ELEMENTS (KOHA)
Source of classification or shelving scheme
Koha item type E-Book

No items available.

Designed and Maintained by IMU-KC Library, Kolkata Campus © Copyright All Rights Reserved

webs counters

Powered by Koha